Top ten shooting guards of all time - Statistics

General Stats
  • This quiz has been taken 11 times
  • The average score is 7 of 10
Answer Stats
Hint Answer % Correct
2 Kobe Bryant
100%
1 Micheal Jordan
100%
3 Dwayne Wade
91%
4 Allen Iverson
82%
7 Ray Allen
82%
10 Reggie Miller
73%
5 Clyde Drexler
64%
6 George Gervin
55%
8 Sam Jones
18%
9 Sidney Moncrief
9%
No matching quizzes found
Score Distribution
Percent of People with Each Score
Percentile by Number Answered
Your Score History
You have not taken this quiz